Spanish Ironwork (Record no. 4290)

MARC details
000 -CABECERA
campo de control de longitud fija 00873nam a2200253 a 4500
001 - NÚMERO DE CONTROL
campo de control BRCA_4585
005 - FECHA Y HORA DE LA ÚLTIMA TRANSACCIÓN
campo de control 20190320204727.0
008 - DATOS DE LONGITUD FIJA--INFORMACIÓN GENERAL
campo de control de longitud fija 240910s1915----nyua######---#000-0#eng-#
041 ## - CÓDIGO DE LENGUA
Código de lengua del texto/banda sonora o título independiente eng
044 ## - CÓDIGO DEL PAÍS DE LA ENTIDAD EDITORA/PRODUCTORA
Código MARC del país nyu
050 #4 - SIGNATURA TOPOGRÁFICA DE LA BIBLIOTECA DEL CONGRESO
Número de clasificación NK8262
Número de documento/Ítem .B96 1915
100 1# - ENTRADA PRINCIPAL--NOMBRE DE PERSONA
Nombre de persona Byne, Arthur
9 (RLIN) 11595
245 10 - MENCIÓN DE TÍTULO
Título Spanish Ironwork
Mención de responsabilidad, etc. by Arthur Byne and Mildred Stapley.
260 ## - PUBLICACIÓN, DISTRIBUCIÓN, ETC.
Lugar de publicación, distribución, etc. Nueva York
Nombre del editor, distribuidor, etc. The Hispanic Society of America
Fecha de publicación, distribución, etc. 1915
300 ## - DESCRIPCIÓN FÍSICA
Extensión xix, 143 p.
Otras características físicas il.
Dimensiones 22 cm.
440 #0 - MENCIÓN DE SERIE/PUNTO DE ACCESO ADICIONAL--TÍTULO
Título Hispanic Society Publications
Designación de volumen o secuencia 89
9 (RLIN) 11596
500 ## - NOTA GENERAL
Nota general Incluye índice de ilustraciones, índice analítico y un catálogo de los herrajes en la colección de la Sociedad Hispánica de América
500 ## - NOTA GENERAL
Nota general Estado físico: encuadernación desprendida y deteriorada
500 ## - NOTA GENERAL
Nota general D22
650 14 - PUNTO DE ACCESO ADICIONAL DE MATERIA--TÉRMINO DE MATERIA
Término de materia o nombre geográfico como elemento de entrada Herrajes
Subdivisión geográfica España
9 (RLIN) 11597
700 1# - PUNTO DE ACCESO ADICIONAL--NOMBRE DE PERSONA
Nombre de persona Stapley, Mildred
9 (RLIN) 7610
902 ## - CATALOGADOR
Iniciales GFM
942 ## - ELEMENTOS DE PUNTO DE ACCESO ADICIONAL (KOHA)
Fuente del sistema de clasificación o colocación Library of Congress Classification
Tipo de ítem Koha Libros
Holdings
Estado de retiro Estado de pérdida Estado dañado No para préstamo Localización permanente Ubicación/localización actual Fecha de adquisición Número de inventario Total de préstamos Signatura topográfica completa Código de barras Fecha visto por última vez Precio válido a partir de Tipo de ítem Koha
El ejemplar forma parte de la colección y puede ser consultado según las políticas vigentes.       Biblioteca del Museo Franz Mayer (Rogerio Casas-Alatriste) Biblioteca del Museo Franz Mayer (Rogerio Casas-Alatriste) 24/09/2010 D22   NK8262 .B96 1915 (D22) 4583 22/03/2019 22/03/2019 Libros